Modern firm, corporate governance and investment (Record no. 532350)

MARC details
000 -LEADER
fixed length control field 00846nam a2200253Ia 4500
003 - CONTROL NUMBER IDENTIFIER
control field OSt
005 - DATE AND TIME OF LATEST TRANSACTION
control field 20220925195246.0
008 - FIXED-LENGTH DATA ELEMENTS--GENERAL INFORMATION
fixed length control field 220923b |||||||| |||| 00| 0 eng d
020 ## - INTERNATIONAL STANDARD BOOK NUMBER
International Standard Book Number 9781848442252
037 ## - SOURCE OF ACQUISITION
Terms of availability General Book
040 ## - CATALOGING SOURCE
Original cataloging agency RTL
Transcribing agency RTL
Language of cataloging eng
041 ## - LANGUAGE CODE
Source of code eng
Language code of text/sound track or separate title eng
100 ## - MAIN ENTRY--PERSONAL NAME
Personal name BJUGGREN Per-Olof
9 (RLIN) 253941
245 #0 - TITLE STATEMENT
Title Modern firm, corporate governance and investment
260 ## - PUBLICATION, DISTRIBUTION, ETC.
Place of publication, distribution, etc. Cheltenham
Name of publisher, distributor, etc. Edward Elgar
Date of publication, distribution, etc. 2009
300 ## - PHYSICAL DESCRIPTION
Extent ix, 414p
Dimensions cm.
490 ## - SERIES STATEMENT
Series statement New Perspectives on the Modern Corporation
700 ## - ADDED ENTRY--PERSONAL NAME
Personal name MUELLER Dennis C
942 ## - ADDED ENTRY ELEMENTS (KOHA)
Classification part XM5:8, P9
Koha item type General Books
Source of classification or shelving scheme Colon Classification (CC)

No items available.

Copyright @ Delhi University Library System